| Tag |
First Indicator |
Second Indicator |
Subfields |
| LEADER |
00000cam a2200000Ia 4500 |
| 001 |
in00002386513 |
| 005 |
20151109072752.0 |
| 008 |
080512s1999 xxu 000 0 eng d |
| 020 |
|
|
|a 0738808512 (pbk.)
|
| 020 |
|
|
|a 9780738808512 (pbk.)
|
| 020 |
|
|
|a 0738808504 (hbk.)
|
| 020 |
|
|
|a 9780738808505 (hbk.)
|
| 035 |
|
|
|a (OCoLC)ocn227963965
|
| 035 |
|
|
|a (OCoLC)227963965
|
| 040 |
|
|
|a YDXCP
|c YDXCP
|d TXA
|d UtOrBLW
|
| 043 |
|
|
|a n-us---
|
| 049 |
|
|
|a TXAM
|
| 090 |
|
|
|a BT734.2
|b .C76 1999
|
| 100 |
1 |
|
|a Cromwell, Michael.
|
| 245 |
1 |
2 |
|a A Biblical approach to racism :
|b a Bible-based look at America's oldest social plague /
|c Michael Cromwell.
|
| 264 |
|
1 |
|a [United States] :
|b Xlibris Corporation,
|c [1999]
|
| 264 |
|
4 |
|c ©1999
|
| 300 |
|
|
|a 149 pages ;
|c 22 cm.
|
| 336 |
|
|
|a text
|b txt
|2 rdacontent
|
| 337 |
|
|
|a unmediated
|b n
|2 rdamedia
|
| 338 |
|
|
|a volume
|b nc
|2 rdacarrier
|
| 650 |
|
0 |
|a Racism
|x Religious aspects
|x Christianity.
|
| 650 |
|
0 |
|a Racism
|x Biblical teaching.
|
| 650 |
|
0 |
|a Racism
|z United States.
|
| 938 |
|
|
|a YBP Library Services
|b YANK
|n 2098527
|
| 945 |
|
|
|a PromptCat
|b 442732
|
| 946 |
|
|
|a stk
|
| 947 |
|
|
|a A14836812026
|
| 994 |
|
|
|a C0
|b TXA
|
| 948 |
|
|
|a cataloged
|b h
|c 2008/8/18
|d c
|e nbehmer
|f 4:17:42 pm
|
| 999 |
|
|
|a MARS
|
| 999 |
f |
f |
|s 24608938-95c5-3a40-a277-92bc56ed9cc1
|i 527d4aeb-10d9-310d-b3ea-5d748db09502
|t 0
|
| 952 |
f |
f |
|p ric
|a Texas A&M University
|b Rellis Campus
|c Joint Library Facility
|d Remote Storage
|t 0
|e BT734.2 .C76 1999
|h Library of Congress classification
|i unmediated -- volume
|m A14836812026
|
| 998 |
f |
f |
|a BT734.2 .C76 1999
|t 0
|l Remote Storage
|